The Australian constitution and religious freedom
| Main Author: | |
|---|---|
| Format: | Print Article |
| Language: | English |
| Check availability: | HBZ Gateway |
| Interlibrary Loan: | Interlibrary Loan for the Fachinformationsdienste (Specialized Information Services in Germany) |
| Published: |
2013
|
| In: |
Law and religion
Year: 2013, Pages: 513-537 |
| IxTheo Classification: | SA Church law; state-church law |
| Further subjects: | B
Religious freedom
B Law B State B Legislation B Australia |
MARC
| LEADER | 00000caa a2200000 c 4500 | ||
|---|---|---|---|
| 001 | 1503412164 | ||
| 003 | DE-627 | ||
| 005 | 20220602124818.0 | ||
| 007 | tu | ||
| 008 | 150603s2013 xx ||||| 00| ||eng c | ||
| 020 | |a 9781409436003 | ||
| 035 | |a (DE-627)1503412164 | ||
| 035 | |a (DE-576)43341216X | ||
| 035 | |a (DE-599)BSZ43341216X | ||
| 040 | |a DE-627 |b ger |c DE-627 |e rakwb | ||
| 041 | |a eng | ||
| 084 | |a 0 |2 ssgn | ||
| 100 | 1 | |a Evans, Carolyn Maree |4 aut | |
| 245 | 1 | 4 | |a The Australian constitution and religious freedom |c Carolyn Maree Evans |
| 264 | 1 | |c 2013 | |
| 336 | |a Text |b txt |2 rdacontent | ||
| 337 | |a ohne Hilfsmittel zu benutzen |b n |2 rdamedia | ||
| 338 | |a Band |b nc |2 rdacarrier | ||
| 650 | 0 | 7 | |0 (DE-588)4125186-6 |0 (DE-627)105742090 |0 (DE-576)209574488 |a Religionsfreiheit |2 gnd |
| 650 | 0 | 7 | |0 (DE-588)4056618-3 |0 (DE-627)106154303 |0 (DE-576)209118288 |a Staat |2 gnd |
| 650 | 0 | 7 | |0 (DE-588)4020660-9 |0 (DE-627)106317172 |0 (DE-576)208934340 |a Gesetz |2 gnd |
| 650 | 0 | 7 | |0 (DE-588)4020682-8 |0 (DE-627)106317121 |0 (DE-576)208934405 |a Gesetzgebung |2 gnd |
| 651 | 7 | |0 (DE-588)4003900-6 |0 (DE-627)106388347 |0 (DE-576)208853154 |a Australien |2 gnd | |
| 652 | |a SA | ||
| 773 | 0 | 8 | |i In |t Law and religion |d Farnham [u.a.] : Ashgate, 2013 |g (2013), Seite 513-537 |h XX, 543 S. |w (DE-627)1495839729 |w (DE-576)425839729 |z 9781409436003 |z 1409436004 |7 nnam |
| 773 | 1 | 8 | |g year:2013 |g pages:513-537 |
| 935 | |a DAKR | ||
| 951 | |a AR | ||
| CAN | |a 1 | ||
| ELC | |b 1 | ||
| LOK | |0 000 xxxxxcx a22 zn 4500 | ||
| LOK | |0 001 3955845907 | ||
| LOK | |0 003 DE-627 | ||
| LOK | |0 004 1503412164 | ||
| LOK | |0 005 20210719143838 | ||
| LOK | |0 008 210719||||||||||||||||ger||||||| | ||
| LOK | |0 035 |a (DE-Tue135-3)DAKAR1_44246 | ||
| LOK | |0 040 |a DE-Tue135-3 |c DE-627 |d DE-Tue135-3 | ||
| LOK | |0 092 |o n | ||
| LOK | |0 852 |a DE-Tue135-3 | ||
| LOK | |0 852 1 |9 00 | ||
| LOK | |0 935 |a msmi | ||
| LOK | |0 936ln |0 1442053283 |a SA | ||
| LOK | |0 939 |a 19-07-21 |b l01 | ||
| ORI | |a SA-MARC-ixtheoa001.raw | ||
| REL | |a 1 | ||
| STA | 0 | 0 | |a Australia,Australia,Australia,Southwestern Australia,Southeastern Australia,Law,Law,Legislation,Law,Law,Theology,Legislation,Lawgiving,Law-making,Religious freedom,Freedom of religion,Religious liberty,State,Country,State, The, in literature,State, The, in art |
| STB | 0 | 0 | |a Liberté religieuse,Loi,Loi,Loi,Loi,Loi,Législation,État,État |
| STC | 0 | 0 | |a Estado,Estado,Legislación,Ley,Ley,Ley,Ley,Ley,Libertad de religión |
| STD | 0 | 0 | |a Legge,Legge,Legge,Legge,Legge,Legislazione,Libertà di religione,Stato,Stato |
| STE | 0 | 0 | |a 国家,宗教自由,信教自由,法律,法律,律例,律法,律例,律法,立法,制定法规 |
| STF | 0 | 0 | |a 國家,宗教自由,信教自由,物理定律,法律,法律,律例,律法,律例,律法,立法,制定法規 |
| STG | 0 | 0 | |a Estado,Estado,Legislação,Lei,Lei,Lei,Lei,Lei,Liberdade de religião |
| STH | 0 | 0 | |a Государство (мотив),Государство,Закон (наука),Закон (физика),Закон (мотив),Закон (богословие),Закон,Законодательство,Свобода вероисповедания |
| STI | 0 | 0 | |a Θρησκευτική ελευθερία,Κράτος (μοτίβο),Κράτος,Νομοθεσία,Νόμος (επιστήμη),Νόμος (φυσική),Νόμος (μοτίβο),Νόμος (θεολογία),Νόμος |
| SUB | |a CAN |a REL | ||
| SYE | 0 | 0 | |a Religiöse Freiheit , Land,Staatswesen,Staaten , Physikalisches Gesetz,Theologie,Gesetzliche Regelung,Gesetze |
| SYF | 0 | 0 | |a Australien,Australien , Neuholland,Australia,Commonwealth of Australia,Australischer Bund,Australie |